opac header logoBAUST Central Library, Saidpur

Concrete Technology : (Record no. 970)

MARC details
000 -LEADER
fixed length control field 00792nam a2200253 a 4500
003 - CONTROL NUMBER IDENTIFIER
control field (BD-SpBAUS)
005 - DATE AND TIME OF LATEST TRANSACTION
control field 20260219104115.0
008 - FIXED-LENGTH DATA ELEMENTS--GENERAL INFORMATION
fixed length control field 260219r20231982ii a|||| |||| 001 0 eng d
020 ## - INTERNATIONAL STANDARD BOOK NUMBER
International Standard Book Number 9789352533800
040 ## - CATALOGING SOURCE
Original cataloging agency BD-SpBAUS
Transcribing agency BD-SpBAUS
041 ## - LANGUAGE CODE
Language code of text/sound track or separate title eng
082 ## - DEWEY DECIMAL CLASSIFICATION NUMBER
Classification number 620.136
Author mark and year SHC 1982
100 ## - MAIN ENTRY--PERSONAL NAME
Personal name Shetty, M. S.
9 (RLIN) 2388
245 ## - TITLE STATEMENT
Title Concrete Technology :
Remainder of title theory and practice/
Statement of responsibility, etc. M. S. Shetty, and A. K. Jain.
250 ## - EDITION STATEMENT
Edition statement 8th ed,
260 ## - PUBLICATION, DISTRIBUTION, ETC.
Place of publication, distribution, etc. New Delhi :
Name of publisher, distributor, etc. S. Chand,
Date of publication, distribution, etc. 1982 {Reprint 2023].
300 ## - PHYSICAL DESCRIPTION
Extent xxviii, 636 p. :
Other physical details ill. ;
Dimensions 24 cm.
504 ## - BIBLIOGRAPHY, ETC. NOTE
Bibliography, etc. note Include index and references
650 ## - SUBJECT ADDED ENTRY--TOPICAL TERM
Topical term or geographic name entry element Concrete Mixing
9 (RLIN) 2389
650 ## - SUBJECT ADDED ENTRY--TOPICAL TERM
Topical term or geographic name entry element Concrete Quality control
9 (RLIN) 2390
700 ## - ADDED ENTRY--PERSONAL NAME
Personal name Jain, A. K.
9 (RLIN) 2391
856 ## - ELECTRONIC LOCATION AND ACCESS
Uniform Resource Identifier <a href="https://search.worldcat.org/title/1298198975">https://search.worldcat.org/title/1298198975</a>
942 ## - ADDED ENTRY ELEMENTS (KOHA)
Source of classification or shelving scheme Dewey Decimal Classification
Koha item type Books
Suppress in OPAC No
Holdings
Withdrawn status Lost status Source of classification or shelving scheme Damaged status Not for loan Home library Current library Date acquired Source of acquisition Cost, normal purchase price Total Checkouts Full call number Barcode Date last seen Copy number Price effective from Koha item type Shelving location
    Dewey Decimal Classification   Not For Loan BAUST Central Library BAUST Central Library 06/22/2025 Modern 1528.00   620.136 SHC 1982 14571 02/19/2026 C-1 02/19/2026 Books  
    Dewey Decimal Classification     BAUST Central Library BAUST Central Library 06/22/2025 Modern 1528.00   620.136 SHC 1982 14572 02/19/2026 C-2 02/19/2026 Books General Stacks
    Dewey Decimal Classification     BAUST Central Library BAUST Central Library 06/22/2025 Modern 1528.00   620.136 SHC 1982 14573 02/19/2026 C-3 02/19/2026 Books General Stacks
    Dewey Decimal Classification     BAUST Central Library BAUST Central Library 06/22/2025 Modern 1528.00   620.136 SHC 1982 14574 02/19/2026 C-4 02/19/2026 Books General Stacks
    Dewey Decimal Classification     BAUST Central Library BAUST Central Library 06/22/2025 Modern 1528.00   620.136 SHC 1982 14575 02/19/2026 C-5 02/19/2026 Books General Stacks

Library Home | Contacts | BAUST Home
Last Update on 01 April 2026
Copyright @ 2026 BAUST Central Library
Bangladesh Army University of Science and Technology (BAUST), Saidpur